German cities by picture - Statistics

General Stats
  • This quiz has been taken 98 times
    51 since last reset
  • The average score is 13 of 32
Answer Stats
Picture Answer % Correct
Berlin
100%
Frankfurt
83%
Hamburg
83%
Cologne
78%
Munich
72%
Dresden
67%
Dortmund
58%
Stuttgart
58%
Düsseldorf
56%
Nuremberg
53%
Potsdam
53%
Leipzig
50%
Bremen
47%
Hanover
36%
Mainz
36%
Karlsruhe
33%
Kiel
33%
Regensburg
33%
Freiburg
31%
Ulm
31%
Augsburg
28%
Essen
28%
Mannheim
28%
Erfurt
25%
Wiesbaden
25%
Wolfsburg
22%
Rostock
19%
Saarbrücken
19%
Bonn
17%
Leverkusen
11%
Kaiserslautern
8%
Mönchengladbach
8%
No matching quizzes found
Score Distribution
Percent of People with Each Score
Percentile by Number Answered
Your Score History
You have not taken this quiz since the last reset